00511nam a2200181Ia 4500008004100000020001800041082000800059100002400067245004600091250000600137260002800143300001000171500002400181650001000205942000700215952009000222999001700312230524s9999 xx 000 0 und d a9789380027856 bSIN aParbin Singh942090 0aPrinciples of Tunnelling Ports & Harbours a1 aNew DelhibKatsonc2009 a278p; aQuantity Number: 1 aCivil cBK 00104070aTATCLbTATCLcGENd2023-05-24l0o SINp53925r2023-05-24w2023-05-24yBK c56499d56499